00417cam a2200169ua 45000010005000000080039000050400009000440410012000530820018000651000026000832450026001092500009001352600038001443000010001826530019001927000036002111572161116n1963 II |||gr||||Z||||||eng aMAIN aEnglish a891.45131 BOS aBOSE, ROMENDRA MOHAN. aABHIGYANAM SAKUNTALAM a4TH. aKOLKATAbMODERN BOOK AGENCYc1963 c18CM. aAssamese Novel aBOSE, ROMENDRA MOHAN.,eAUTHOR.